| Tag |
First Indicator |
Second Indicator |
Subfields |
| LEADER |
00000cam a2200000 a 4500 |
| 001 |
in00001402610 |
| 005 |
20151020055442.0 |
| 008 |
920325s1993 nyua b 001 0 eng |
| 010 |
|
|
|a 92010737
|
| 015 |
|
|
|a GB93-47601
|
| 020 |
|
|
|a 0471839418 (cloth : acid-free paper)
|
| 035 |
|
|
|a (OCoLC)25676658
|
| 035 |
|
|
|9 AHN4507AM
|
| 040 |
|
|
|a DLC
|c DLC
|d AGL
|d UKM
|d PSM
|d TXA
|d UtOrBLW
|
| 049 |
|
|
|a TXAM
|
| 050 |
0 |
0 |
|a TD196.O73
|b S39 1993
|
| 070 |
0 |
|
|a TD196.O73S39
|b 1993
|
| 072 |
|
0 |
|a X300
|
| 082 |
0 |
0 |
|a 628.1/68
|2 20
|
| 100 |
1 |
|
|a Schwarzenbach, René P.,
|d 1945-
|
| 245 |
1 |
0 |
|a Environmental organic chemistry /
|c René P. Schwarzenbach, Philip M. Gschwend, Dieter M. Imboden.
|
| 264 |
|
1 |
|a New York :
|b Wiley,
|c [1993]
|
| 264 |
|
4 |
|c ©1993
|
| 300 |
|
|
|a x, 681 pages :
|b illustrations ;
|c 25 cm.
|
| 336 |
|
|
|a text
|b txt
|2 rdacontent
|
| 337 |
|
|
|a unmediated
|b n
|2 rdamedia
|
| 338 |
|
|
|a volume
|b nc
|2 rdacarrier
|
| 500 |
|
|
|a "A Wiley-Interscience publication."
|
| 504 |
|
|
|a Includes bibliographical references (pages 626-655) and index.
|
| 505 |
0 |
|
|a An introduction to environmental organic chemicals -- Background thermodynamics -- Vapor pressure -- Solubility and activity coefficient in water -- Air-water partitioning : the Henry's Law constant -- Organic solvent-water partitioning : the octanol-water partition constant -- Organic acids and bases : acidity constant and partitioning behavior -- Diffusion -- The gas-liquid interface : air-water exchange -- Sorption : solid-aqueous solution exchange -- Chemical transformation reactions -- Photochemical transformation reactions -- Biological transformation reactions -- Modeling concepts.
|
| 650 |
|
0 |
|a Organic compounds
|x Environmental aspects.
|
| 650 |
|
0 |
|a Water chemistry.
|
| 653 |
0 |
|
|a Organic compounds
|
| 700 |
1 |
|
|a Gschwend, P. M.
|
| 700 |
1 |
|
|a Imboden, Dieter M.,
|d 1943-
|
| 948 |
|
|
|a c:blr
|
| 999 |
|
|
|a MARS
|
| 999 |
f |
f |
|s 3ec6a3a4-2c80-3940-862c-94349971396b
|i e8d72c97-9e7e-34d8-a5ec-1a5e0e7c340e
|t 0
|
| 952 |
f |
f |
|p normal
|a Texas A&M University
|b College Station
|c Sterling C. Evans Library
|d Evans: Library Stacks
|t 0
|e TD196.O73 S39 1993
|h Library of Congress classification
|i unmediated -- volume
|m A14822556862
|
| 998 |
f |
f |
|a TD196.O73 S39 1993
|t 0
|l Evans: Library Stacks
|